Famous Speeches by Obscure Line - Statistics

General Stats
  • This quiz has been taken 16 times
  • The average score is 4 of 15
Answer Stats
Line Speaker | Speech % Correct
...the United States of America was suddenly and deliberately attacked... Franklin D Roosevelt | "Day of Infamy"
73%
...that one day this nation will rise up and live out the true meaning of its creed... Martin Luther King Jr. | "I Have a Dream"
73%
We shall fight in the hills; we shall never surrender. Winston Churchill | "We Shall Fight on the Beaches"
73%
...think foul scorn that Parma or Spain, or any prince of Europe, should dare to invade the borders of my realm... Elizabeth I | "Speech to the Troops at Tilbury"
45%
Every true Congressman or woman will join the struggle with an inflexible determination not to remain alive to see the country in bondage and slavery. Mahatma Gandhi | "Quit India"
36%
Different forms and styles in art should develop freely and different schools in science should contend freely. Mao Zedong | "On the Correct Handling of Contradictions Among the People"
27%
But my name is a Canadian name also, and that’s the story of my name. Pierre Elliott Trudeau | "Elliott"
27%
I understand the fear of war and the pain of division that afflict this continent—and I pledge to you my country's efforts to help overcome these burdens. Ronald Reagan | "Tear Down This Wall"
18%
If necessary, do you want a war more total and radical than anything that we can even imagine today? Joseph Goebbels | "Sportpalast Speech"
9%
Den dey talks 'bout dis ting in de head; what dis dey call it? Sojourner Truth | "Ain't I a Woman?"
9%
I do not know what to tell you and how to say it. Our beloved leader, Bapu as we called him, the Father of the Nation, is no more. Jawaharlal Nehru | "The Light Has Gone Out of Our Lives"
0%
Mr. McCarthy, I will not discuss this further with you. Joesph Welch | "Have You Left No Sense of Decency?"
0%
...the cult which became at a certain specific stage the source of a whole series of exceedingly serious and grave perversions... Nikita Khrushchev | "Speech to the 20th Congress of the CPSU"
0%
He has taken his garment from before the sun, and caused it to shine with brightness upon us. Red Jacket | "Religion for the White Man and the Red"
0%
The only defence is in offence, which means that you have to kill more women and children more quickly than the enemy if you want to save yourselves... Stanley Baldwin | "A Fear For the Future"
0%
No matching quizzes found
Score Distribution
Percent of People with Each Score
Percentile by Number Answered
Your Score History
You have not taken this quiz